| 000 | 00557cam a22002053a 4500 | ||
|---|---|---|---|
| 001 | 45578 | ||
| 003 | PGUSA | ||
| 005 | 20140828084044.0 | ||
| 008 | 140504s2014||||xxu|||||s|||||000 | eng d | ||
| 040 |
_aPGUSA _beng |
||
| 042 | _adc | ||
| 100 | 1 | _aBrunner, Josef | |
| 245 | 1 | 0 |
_aTracks and Tracking _h[electronic resource] / _cJosef Brunner |
| 260 |
_bProject Gutenberg, _c2014 |
||
| 506 | _aPublic domain in the USA. | ||
| 516 | _aElectronic text | ||
| 830 | 0 |
_aProject Gutenberg _v45578 |
|
| 856 | 4 | 0 | _uhttp://www.gutenberg.org/ebooks/45578 |
| 942 | _cEB | ||
| 999 |
_c274829 _d274829 |
||